01414 2200253 4500001002100000005001500021035002000036007000300056008004100059020002200100082001300122084001900135100002700154245009200181250003400273300004600307650002700353520065400380336002101034337003001055338002301085264003501108990001701143INLIS00000000150483220260623102020 a0010-0626000027ta260623 g 0 ind  a978-623-306-758-4 a923.2598 a923.2598 ARI g0 aAri JunaediePengarang1 aGanjar Sang Pemimpin Baru :bKekuatan arus bawah yang tak terbendung /cDr. Ari Junaedi aCetakan pertama, Januari 2024 aviii, 200 halaman. :bilustrasi ;c20 cm. 4aBiografi Tokoh Politik aIndonesia sedang menanti. Negeri tercinta ini sedang menunggu terciptanya sejarah baru. Tanpa melupakan peristiwa yang telah berlalu, kini tiba saatnya untuk perubahan besar. Buku ini bercerita tentang kisah yang berkelindan di balik munculnya sebuah nama yang menjadi harapan banyak orang saat ini: Ganjar Pranowo. Kisah-kisah mendalam yang menelusur dari celah yang ada di antara Partai Demokrasi Indonesia-Perjuangan dan seorang Ganjar. Kisah perjuangan dan proses yang panjang, tentang janji-janji, tentang kekuasaan, dan tentang masa depan. Seorang pemimpin masa depan yang akan membawa Indonesia terbang tinggi, berawal dari buku ini. 2rdacontentateks 2rdamediaatanpa perantara 2rdacarrieravolume aMalang :bAE Publishing,c2024 a2024/HD/0484